[Event "AUTO-INT-1489"]
[Site "http://www.queenalice.com/game.php?id=670886"]
[Date "2009.10.22"]
[Round "1"]
[White "kre"]
[Black "felipebd21"]
[Result "1-0"]
[WhiteElo "1439"]
[BlackElo "1385"]

1. e4 Nc6 2. Bc4 Nf6 3. Qe2 d5 4. Bb5 a6 5. Ba4 b5 6. Bb3 dxe4 7. d3 e5 8. dxe4
Nd4 9. Qd2 c5 10. c3 Nxb3 11. axb3 Nxe4 12. Qe2 f5 13. f3 Nf6 14. Qxe5+ Qe7 15.
Qxe7+ Kxe7 16. c4 bxc4 17. bxc4 Kd7 18. Nc3 Bd6 19. Nh3 Re8+ 20. Ne2 Rb8 21. Ng5
h6 22. Nf7 Ke7 23. Nxd6 Rd8 24. Bf4 Rxb2 25. h3 g5 26. Be5 Ke6 27. Bxb2 Rxd6 28.
f4 gxf4 29. Nxf4+ Ke7 30. Ng6+ Kf7 31. Nf4 Bb7 32. O-O 1-0

[Event "AUTO-INT-1489"]
[Site "http://www.queenalice.com/game.php?id=670887"]
[Date "2009.10.22"]
[Round "1"]
[White "felipebd21"]
[Black "kre"]
[Result "0-1"]
[WhiteElo "1369"]
[BlackElo "1390"]

1. Nc3 h5 2. e4 h4 3. Nf3 e5 4. Nxe5 Bd6 5. f4 Nc6 6. d4 Nxe5 7. dxe5 Bf8 8. Bc4
a6 9. a4 f6 10. exf6 gxf6 11. Be3 c6 12. O-O d6 13. Bxg8 Rxg8 14. g3 hxg3 15.
hxg3 Qe7 16. g4 Bxg4 17. Ne2 Qg7 18. c4 Bf3+ 19. Kf2 d5 20. Kxf3 Qg2# 0-1

[Event "AUTO-INT-1489"]
[Site "http://www.queenalice.com/game.php?id=670898"]
[Date "2009.10.22"]
[Round "1"]
[White "showman"]
[Black "felipebd21"]
[Result "1-0"]
[WhiteElo "1619"]
[BlackElo "1395"]

1. e4 Nc6 2. Bb5 a6 3. Bxc6 bxc6 4. Nf3 d5 5. Qe2 dxe4 6. Qxe4 e6 7. Qxc6+ Bd7
8. Qb7 Bd6 9. Nc3 Qb8 10. Qxb8+ Rxb8 11. O-O Nf6 12. h3 c5 13. d4 cxd4 14. Nxd4
O-O 15. b3 g5 16. Bxg5 Kg7 17. Bxf6+ Kxf6 18. Ne4+ Ke5 19. Nxd6 Kxd6 20. Rad1 e5
21. Nb5+ Kc5 22. Nc3 Rfd8 23. Rd5+ Kc6 24. Rxe5 f6 25. Rh5 Rh8 26. Rh6 Kc5 27.
Rxf6 Rbc8 28. Ne4+ Kd4 29. f3 Bb5 30. Rd1+ Ke3 31. Nd6 Ke2 32. Rd5 Rxc2 33. Re6#
1-0

[Event "AUTO-INT-1489"]
[Site "http://www.queenalice.com/game.php?id=670899"]
[Date "2009.10.22"]
[Round "1"]
[White "felipebd21"]
[Black "showman"]
[Result "1-0"]
[WhiteElo "1369"]
[BlackElo "1598"]

1. Nc3 e5 2. e4 Bb4 3. a3 Bxc3 4. dxc3 d6 5. Bc4 Nf6 6. f4 Nxe4 7. Qd5 Be6 8.
Qxe4 d5 9. Qxe5 dxc4 10. f5 Qd6 11. Qxd6 cxd6 12. fxe6 fxe6 13. Nf3 O-O 14. O-O
e5 15. Bd2 e4 16. Nd4 Rxf1+ 17. Rxf1 Nd7 18. Ne6 Re8 19. Nc7 Re5 20. g4 e3 21.
Be1 e2 22. Rf5 Re7 23. Nd5 Re4 24. Kf2 Ne5 25. Ne7+ Kh8 26. Rf8# 1-0

[Event "CPD Challenge"]
[Site "http://www.queenalice.com/game.php?id=671372"]
[Date "2009.10.23"]
[Round "-"]
[White "felipebd21"]
[Black "Krajnicov"]
[Result "1-0"]
[WhiteElo "1354"]
[BlackElo "1510"]

1. Nc3 c6 2. e4 d5 3. f3 Nf6 4. e5 Nh5 5. g4 Nf4 6. Nh3 Ng6 7. d4 Qa5 8. Bd3 e6
9. O-O Qd8 10. b4 Qh4 11. Kg2 Bxb4 12. Qd2 h5 13. Bxg6 fxg6 14. gxh5 Rxh5 15.
Rb1 Qxh3+ 16. Kf2 Qxh2+ 17. Ke1 Qg3+ 18. Qf2 Rxe5+ 19. Kd2 Qg5+ 20. f4 Qh6 21.
Rxb4 Rh5 22. Kd1 e5 23. fxe5 g5 24. Qf8+ Kd7 25. Rf7+ Ke6 26. Qe7# 1-0

[Event "AUTO-INT-1515"]
[Site "http://www.queenalice.com/game.php?id=682272"]
[Date "2009.11.13"]
[Round "1"]
[White "felipebd21"]
[Black "callmitnick"]
[Result "0-1"]
[WhiteElo "1403"]
[BlackElo "1595"]

1. Nf3 c5 2. d4 d6 3. e4 Nc6 4. Nc3 cxd4 5. Nxd4 Nxd4 6. Qxd4 e5 7. Qd3 Nf6 8.
b3 Be7 9. Nd5 O-O 10. Nxe7+ Qxe7 11. Ba3 Rd8 12. O-O-O Bg4 13. f3 Bh5 14. g4 Bg6
15. Bxd6 Qe6 16. g5 Nh5 0-1

[Event "AUTO-INT-1516"]
[Site "http://www.queenalice.com/game.php?id=682729"]
[Date "2009.11.14"]
[Round "1"]
[White "danqueiroz"]
[Black "felipebd21"]
[Result "1-0"]
[WhiteElo "1374"]
[BlackElo "1439"]

1. Nf3 Nc6 2. g3 Nf6 3. Bg2 d5 4. O-O g6 5. b3 Bh6 6. Nc3 O-O 7. d4 Bxc1 8. Qxc1
Qd6 9. Ng5 Nxd4 10. Qd1 Qb4 11. Bxd5 e6 12. Nce4 Nxe4 13. Bxe4 f6 14. a3 Qc3 15.
Qd3 Qxd3 16. cxd3 Nxe2+ 17. Kh1 fxg5 18. f4 gxf4 19. gxf4 Nxf4 20. a4 b6 21.
Bxa8 Ba6 22. Bc6 1-0

[Event "AUTO-INT-1516"]
[Site "http://www.queenalice.com/game.php?id=682730"]
[Date "2009.11.14"]
[Round "1"]
[White "felipebd21"]
[Black "danqueiroz"]
[Result "0-1"]
[WhiteElo "1420"]
[BlackElo "1393"]

1. Nf3 Nf6 2. d4 g6 3. Nc3 Bg7 4. b3 Nc6 5. Ba3 O-O 6. e4 d6 7. d5 Na5 8. b4 Nc4
9. Bxc4 b6 10. O-O Bg4 11. h3 Bxf3 12. Qxf3 a5 13. bxa5 Rxa5 14. Nb5 e5 15. dxe6
fxe6 16. Bxe6+ Kh8 17. Rab1 Re8 18. e5 dxe5 19. Rfd1 Qa8 20. Bc1 Qxf3 21. gxf3
Rxe6 0-1

[Event "AUTO-INT-1516"]
[Site "http://www.queenalice.com/game.php?id=682741"]
[Date "2009.11.14"]
[Round "1"]
[White "felipebd21"]
[Black "MHAC"]
[Result "0-1"]
[WhiteElo "1403"]
[BlackElo "1520"]

1. Nf3 e6 2. d4 Nf6 3. Nc3 d5 4. e3 g6 5. b3 Bb4 6. Bb2 Nc6 7. Qd3 Qd6 8. a3 Ba5
9. b4 Bb6 10. Nb5 Qd7 11. Ne5 Nxe5 12. dxe5 Ng8 13. c4 a6 14. Nd4 c5 15. bxc5
Bxc5 16. f4 Qa4 17. Nb3 Be7 18. cxd5 Nh6 19. dxe6 Bxe6 20. Nd4 O-O 21. Nxe6 fxe6
0-1

[Event "AUTO-INT-1516"]
[Site "http://www.queenalice.com/game.php?id=682742"]
[Date "2009.11.14"]
[Round "1"]
[White "MHAC"]
[Black "felipebd21"]
[Result "1-0"]
[WhiteElo "1535"]
[BlackElo "1403"]

1. d4 d5 2. Nf3 Nf6 3. Nc3 Nc6 4. g3 g6 5. Bg2 e6 6. O-O Qd6 7. Bg5 Bg7 8. Qd3
h6 9. Bf4 Qd7 10. Ne5 Nxe5 11. Bxe5 O-O 12. Nb5 a6 13. Nxc7 Ra7 14. b4 Ng4 15.
Qc3 Qc6 16. Qd2 Nxe5 17. dxe5 Bxe5 18. Nxd5 Bxa1 19. Rxa1 exd5 20. Bxd5 Rd8 21.
c4 1-0

[Event "Challenge"]
[Site "http://www.queenalice.com/game.php?id=687647"]
[Date "2009.11.24"]
[Round "-"]
[White "zottele"]
[Black "felipebd21"]
[Result "0-1"]
[WhiteElo "1165"]
[BlackElo "1394"]

1. e4 d5 2. d3 e5 3. Nf3 Nf6 4. Nc3 g6 5. g3 Nc6 6. exd5 Nxd5 7. h4 Bc5 8. Nxd5
Qxd5 9. Bg2 Bg4 10. Ng1 Qd4 11. f3 Qf2# 0-1

[Event "Challenge"]
[Site "http://www.queenalice.com/game.php?id=687648"]
[Date "2009.11.24"]
[Round "-"]
[White "Alexandre_lima"]
[Black "felipebd21"]
[Result "0-1"]
[WhiteElo "1319"]
[BlackElo "1388"]

1. d4 d5 2. Nc3 Nc6 3. e4 Nf6 4. exd5 Nxd5 5. Qf3 Nxd4 6. Qxd5 Nxc2+ 7. Ke2 Nxa1
8. Qxd8+ Kxd8 9. b4 Bf5 10. Bb2 Nc2 11. a3 Nd4+ 12. Ke1 e5 13. Nge2 a5 14. Nxd4
exd4 15. Nd5 axb4 16. axb4 c6 17. Nb6 Ra2 18. Bxd4 Bxb4+ 19. Kd1 Bc2+ 0-1